000 00962nam a2200253Ia 4500
003 OSt
005 20220923215808.0
006 a|||||r|||| 00| 0
007 ta
008 220922b |||||||| |||| 00| 0 hin d
024 _a181,857
037 _cTextual
040 _aARTS
_cARTS
_bhin
041 _2hin
_ahin
082 _aO152,1N372:g, M5
100 _aवीणा, विशेष लक्ष्मी, संपा.
_9163923
245 0 _aराम गोपाल परेदशी
_b व्यक्तित्व और कृतित्व
246 _aRām gopāl paredashī: vyaktitva aur kṛutitva
260 _aआगरा
_b सांत्वना प्रकाशन
_c1985
300 _a287 पृ.
_ccm.
650 _aहिन्दी साहित्य
_9156264
942 _hO152,1N372:g, M5
_cTEXL
_2CC
999 _c335234
_d335234